000 00579nam a22001817a 4500
005 20251108175406.0
008 250721s2010 xx 000 0 ara d
082 1 4 _a214.5/جوز
100 1 _aالجوزية، شمس الدين ابي عبد الله محمد بن ابي بكر ابن قيم
245 1 0 _aكتاب الروح /
264 1 _aالقاهرة :
_bدار الفجر للتراث،
_c2010.
300 _a332 ص.
650 1 7 _aالعقيدة الدينية
650 1 7 _aالروح
650 1 7 _aاليوم الآخر
942 _2ddc
_cBK
999 _c133043
_d133043